| 000 | 00648nam a2200217 a 4500 | ||
|---|---|---|---|
| 001 | 12089 | ||
| 003 | CO-ViMGA | ||
| 008 | 141112s2004 ck r 000 u spa d | ||
| 020 | _a9589012153 | ||
| 040 |
_aCO-ViMGA _bspa _cCO-ViMGA |
||
| 082 | 0 | 4 | _a724.186111 C696 |
| 100 | 1 | _aCovo Torres, Javier | |
| 245 | 1 | 0 |
_aLa Casa Colonial Cartagenera : _bUna historieta arquitectonica |
| 250 | _a3 | ||
| 260 |
_aBogotá, _cEl Ancora Editores, _c1996 |
||
| 300 | _a113 p., il. | ||
| 500 | _aLibro de historieta de arquitectura colonial. | ||
| 590 | _aEjemplares : 2 | ||
| 650 | 1 | 4 |
_aARQUITECTURA COLONIAL - CARTAGENA - COLOMBIA _917110 |
| 942 |
_2ddc _cBK |
||
| 999 |
_c23133 _d23133 |
||